000 00363nam a22001457a 4500
003 OSt
005 20160727222418.0
008 160625b xxu||||| |||| 00| 0 eng d
040 _cTEST
100 _91178
_aNault, W.H
245 _aThe World Bookof Math Power
260 _aCHICAGO
_bWORLD BOOKS INC.
_c1983
300 _aThe World Bookof Math Power
942 _2ddc
_cBK
999 _c958
_d958